Subject analysis : principles and procedures

Αποθηκεύτηκε σε:
Λεπτομέρειες βιβλιογραφικής εγγραφής
Κύριος συγγραφέας: Langridge, Derek Wilton
Μορφή: Βιβλίο
Γλώσσα:English
Δημοσίευση: London ; New York : Bowker-Saur, c1989
Θέματα:
Ετικέτες: Προσθήκη ετικέτας
Δεν υπάρχουν, Καταχωρήστε ετικέτα πρώτοι!

MARC

LEADER 00000nam a2200000 i 4500
001 1/86497
008 981026s1989 eng d
020 |a 0-408-03031-3 
035 |l 10034989 
035 |a 1990  |b 3  |c Βιβλιοθήκη 
040 |a GR-MY-UA  |b gre  |e aacr 
041 0 |a eng 
082 0 |a 025.47  |2 (19) 
100 1 |a Langridge, Derek Wilton. 
245 1 0 |a Subject analysis :  |b principles and procedures /  |c D.W. Langridge 
260 |a London ; New York :   |b Bowker-Saur,   |c c1989 
300 |a 146 p.;  |c 23 cm 
504 |a Περιέχει βιβλιογραφικές παραπομπές: σ. 127-133 
504 |a Περιέχει ευρετήρια 
650 0 0 |a Subject cataloging. 
650 0 0 |a Classification  |x Books. 
650 0 0 |a Abstracting. 
650 0 0 |a Indexing. 
852 |a INST  |b RHODES  |e 19981026  |h 025.47 LAN  |p 005400006219  |q 005400006219  |t BK  |y 0 
909 |a Ρ  |b 019009  |c 1990